[Event "Scarborough CC Fall Swiss U1700"]
[Site "Toronto CAN"]
[Date "2008.11.20"]
[Round "4"]
[White "Ward, Dean"]
[Black "Xia, Linda"]
[Result "1-0"]
[WhiteElo "1614"]
[BlackElo "1576"]
[PlyCount "83"]
[GameId "2160767910302814"]
[EventDate "2008.10.30"]
[EventType "swiss"]
[EventRounds "8"]
[EventCountry "CAN"]
[SourceTitle "EXT 2011"]
[Source "ChessBase"]
[SourceDate "2011.11.26"]
[SourceVersion "1"]
[SourceVersionDate "2011.11.26"]
[SourceQuality "1"]

1. e4 e5 2. Bc4 Nf6 3. Nc3 Bc5 4. d3 h6 5. Be3 Bxe3 6. fxe3 d6 7. h3 Nc6 8. a3 Ne7 9. Qf3 Ng6 10. O-O-O Nh4 11. Qf2 Ng6 12. Nge2 O-O 13. g4 Nh7 14. Rdg1 Qh4 15. Qxh4 Nxh4 16. Nb5 Bd7 17. Nxc7 Rac8 18. Nd5 Rc5 19. b4 Rxd5 20. Bxd5 Ba4 21. Bxb7 Rb8 22. Bd5 Rc8 23. c4 Nf6 24. Nc3 Nxd5 25. exd5 Bd7 26. Ne4 Nf3 27. Rf1 Ng5 28. Nxd6 Rd8 29. c5 a6 30. Nc4 Bb5 31. d6 Bxc4 32. dxc4 Ne4 33. Rhg1 Kf8 34. Kc2 Nf6 35. Rd1 Ke8 36. c6 Ra8 37. d7+ Kd8 38. Kb3 Kc7 39. d8=Q+ Rxd8 40. Rxd8 Kxd8 41. b5 axb5 42. cxb5 1-0

[Event "Scarborough CC Fall Swiss U1700"]
[Site "Toronto CAN"]
[Date "2008.11.27"]
[Round "5"]
[White "Ward, Dean"]
[Black "Roe, Jim"]
[Result "1-0"]
[WhiteElo "1614"]
[BlackElo "1533"]
[PlyCount "73"]
[GameId "2160767910302816"]
[EventDate "2008.10.30"]
[EventType "swiss"]
[EventRounds "8"]
[EventCountry "CAN"]
[SourceTitle "EXT 2011"]
[Source "ChessBase"]
[SourceDate "2011.11.26"]
[SourceVersion "1"]
[SourceVersionDate "2011.11.26"]
[SourceQuality "1"]

1. e4 e6 2. d4 d5 3. e5 c5 4. c3 cxd4 5. cxd4 Nc6 6. a3 Bd7 7. f4 Nge7 8. b4 Nf5 9. Nf3 Qb6 10. Bb2 Ne3 11. Qd2 Nxf1 12. Rxf1 Be7 13. Kf2 O-O 14. Kg1 a5 15. bxa5 Nxa5 16. Bc3 Nc4 17. Qc1 Rfc8 18. Rf2 Qa6 19. Rfa2 Rc7 20. Bb4 Bd8 21. Qe1 Rac8 22. Nbd2 Bb5 23. a4 Nxd2 24. Nxd2 Bc4 25. Ra3 Be7 26. Bxe7 Rxe7 27. Rh3 Bd3 28. Nb3 Bf5 29. Rc3 Rec7 30. Nc5 Qa5 31. Rb3 Qxe1+ 32. Rxe1 Kf8 33. Rxb7 Rxb7 34. Nxb7 Rc4 35. Ra1 Rxd4 36. a5 Rb4 37. a6 1-0

[Event "Scarborough CC Fall Swiss U1700"]
[Site "Toronto CAN"]
[Date "2008.11.27"]
[Round "5"]
[White "Xia, Linda"]
[Black "Graham, John"]
[Result "0-1"]
[WhiteElo "1576"]
[BlackElo "1504"]
[PlyCount "76"]
[GameId "2160767910302817"]
[EventDate "2008.10.30"]
[EventType "swiss"]
[EventRounds "8"]
[EventCountry "CAN"]
[SourceTitle "EXT 2011"]
[Source "ChessBase"]
[SourceDate "2011.11.26"]
[SourceVersion "1"]
[SourceVersionDate "2011.11.26"]
[SourceQuality "1"]

1. d4 e6 2. c4 d5 3. Nc3 c6 4. Nf3 Nd7 5. e3 Ngf6 6. cxd5 exd5 7. Be2 Bd6 8. O-O O-O 9. b3 Re8 10. Bb2 Nf8 11. h3 Ng6 12. Re1 Bf5 13. Bd3 Qd7 14. Qc2 Bxh3 15. gxh3 Qxh3 16. Ne5 Nxe5 17. dxe5 Rxe5 18. Ne4 Rh5 19. Ng3 Rg5 20. Bf1 Qh4 21. Bxf6 Rxg3+ 22. fxg3 Qxf6 23. Qf2 Qg5 24. Kg2 Re8 25. Bd3 Re6 26. Rf1 Rf6 27. Qe1 Rxf1 28. Bxf1 h5 29. Be2 h4 30. g4 Qxe3 31. Bf3 h3+ 32. Kxh3 Qxf3+ 33. Kh4 Qf4 34. Qe8+ Kh7 35. Qxf7 Qxf7 36. Rf1 g5+ 37. Kxg5 Qg7+ 38. Kh4 Qh6# 0-1

[Event "Scarborough CC Fall Swiss U1700"]
[Site "Toronto CAN"]
[Date "2008.11.27"]
[Round "5"]
[White "Xie, Peter"]
[Black "Dattani, Dinesh"]
[Result "1-0"]
[WhiteElo "1442"]
[BlackElo "1315"]
[PlyCount "53"]
[GameId "2160767910302818"]
[EventDate "2008.10.30"]
[EventType "swiss"]
[EventRounds "8"]
[EventCountry "CAN"]
[SourceTitle "EXT 2011"]
[Source "ChessBase"]
[SourceDate "2011.11.26"]
[SourceVersion "1"]
[SourceVersionDate "2011.11.26"]
[SourceQuality "1"]

1. e4 e5 2. Nf3 Nf6 3. Nc3 d6 4. Bc4 Nc6 5. Nd5 Be6 6. Nxf6+ Qxf6 7. Bxe6 Qxe6 8. d3 Be7 9. O-O O-O-O 10. a4 d5 11. exd5 Rxd5 12. c4 Rd7 13. Qc2 Nb4 14. Qe2 Rxd3 15. Qxe5 Qg6 16. Qxe7 Rxf3 17. Qxb4 Rd8 18. Kh1 Rfd3 19. Qe7 Rd1 20. Bf4 R1d7 21. Qc5 b6 22. Qb5 Kb7 23. a5 Qe4 24. a6+ Kc8 25. Bg3 Qe2 26. Qc6 Rd2 27. Qxc7# 1-0

[Event "Scarborough CC Fall Swiss U1700"]
[Site "Toronto CAN"]
[Date "2008.12.04"]
[Round "6"]
[White "Dattani, Dinesh"]
[Black "Pishdad, Hassan"]
[Result "0-1"]
[WhiteElo "1315"]
[BlackElo "1371"]
[PlyCount "78"]
[GameId "2160767910302819"]
[EventDate "2008.10.30"]
[EventType "swiss"]
[EventRounds "8"]
[EventCountry "CAN"]
[SourceTitle "EXT 2011"]
[Source "ChessBase"]
[SourceDate "2011.11.26"]
[SourceVersion "1"]
[SourceVersionDate "2011.11.26"]
[SourceQuality "1"]

1. d4 d5 2. c4 dxc4 3. e4 b5 4. Nc3 a6 5. Bg5 Bb7 6. d5 g6 7. Qd4 f6 8. Be3 Qd6 9. a3 e5 10. Qd2 Nd7 11. Nf3 h6 12. Nh4 Kf7 13. f4 Nc5 14. fxe5 Qxe5 15. Qc2 Bxd5 16. Nxd5 Bd6 17. Nc3 Ne7 18. Nf3 Qh5 19. Be2 Kg7 20. O-O Rae8 21. g3 Qh3 22. e5 fxe5 23. Nxe5 Qe6 24. Rf7+ Kg8 25. Rxe7 Rxe7 26. Bd4 Bxe5 27. Bxe5 Qxe5 28. Rf1 Qg5 29. Bf3 h5 30. Bd5+ Kg7 31. Qf2 Nd3 32. Qd4+ Qe5 33. Qa7 c6 34. Rf7+ Rxf7 35. Qxf7+ Kh6 36. Bxc6 Qe3+ 37. Kg2 Qd2+ 38. Kh3 Nf2+ 39. Kh4 Qg5# 0-1

[Event "Scarborough CC Fall Swiss U1700"]
[Site "Toronto CAN"]
[Date "2008.12.04"]
[Round "6"]
[White "Graham, John"]
[Black "Ward, Dean"]
[Result "0-1"]
[WhiteElo "1504"]
[BlackElo "1614"]
[PlyCount "66"]
[GameId "2160767910302820"]
[EventDate "2008.10.30"]
[EventType "swiss"]
[EventRounds "8"]
[EventCountry "CAN"]
[SourceTitle "EXT 2011"]
[Source "ChessBase"]
[SourceDate "2011.11.26"]
[SourceVersion "1"]
[SourceVersionDate "2011.11.26"]
[SourceQuality "1"]

1. e4 c5 2. c3 e6 3. Nf3 d5 4. exd5 exd5 5. Bb5+ Bd7 6. Bxd7+ Qxd7 7. d4 Qe6+ 8. Be3 Nf6 9. O-O Be7 10. Re1 O-O 11. dxc5 Qc8 12. Nbd2 Bxc5 13. Bxc5 Qxc5 14. Nb3 Qb6 15. Nfd4 Nc6 16. f3 a5 17. Kh1 a4 18. Nxc6 bxc6 19. Qd4 Rfb8 20. Qxb6 Rxb6 21. Nd4 c5 22. Nf5 Rxb2 23. Red1 Rab8 24. h3 Kf8 25. Ne3 Rd8 26. Nxd5 Rxd5 27. Re1 Rc2 28. Rab1 Rd8 29. Rb7 Re8 30. Rd1 Rxc3 31. g4 g5 32. Kg2 Rc2+ 33. Kf1 Rxa2 0-1

[Event "Scarborough CC Fall Swiss U1700"]
[Site "Toronto CAN"]
[Date "2008.12.04"]
[Round "6"]
[White "Philip, Andrew"]
[Black "Karpik, Steve"]
[Result "1/2-1/2"]
[WhiteElo "1576"]
[BlackElo "1512"]
[PlyCount "78"]
[GameId "2160767910302821"]
[EventDate "2008.10.30"]
[EventType "swiss"]
[EventRounds "8"]
[EventCountry "CAN"]
[SourceTitle "EXT 2011"]
[Source "ChessBase"]
[SourceDate "2011.11.26"]
[SourceVersion "1"]
[SourceVersionDate "2011.11.26"]
[SourceQuality "1"]

1. d4 Nf6 2. Bg5 g6 3. c4 Bg7 4. Nc3 c6 5. Nf3 Qa5 6. Qc2 d5 7. cxd5 Nxd5 8. e3 Nd7 9. Bh4 N7f6 10. Bxf6 Bxf6 11. Be2 Bf5 12. Qb3 Nxc3 13. bxc3 Be6 14. Qc2 Bf5 15. Qb3 Be6 16. Bc4 Bxc4 17. Qxc4 Qd5 18. Qb3 Qxb3 19. axb3 c5 20. O-O cxd4 21. cxd4 O-O 22. Rfc1 a6 23. Rc7 Rab8 24. Rac1 e6 25. g3 Rfd8 26. R1c4 Rd6 27. Rc8+ Rxc8 28. Rxc8+ Kg7 29. Kg2 Rb6 30. Rc3 Rb5 31. h4 e5 32. dxe5 Bxe5 33. Nxe5 Rxe5 34. Kf3 h5 35. Rc4 Kf6 36. Rb4 b5 37. Rd4 Re6 38. Rd5 Re5 39. Rd6+ Re6 1/2-1/2

[Event "Scarborough CC Fall Swiss U1700"]
[Site "Toronto CAN"]
[Date "2008.12.04"]
[Round "6"]
[White "Smith, Maurice"]
[Black "Xia, Linda"]
[Result "1/2-1/2"]
[WhiteElo "1662"]
[BlackElo "1576"]
[PlyCount "78"]
[GameId "2160767910302822"]
[EventDate "2008.10.30"]
[EventType "swiss"]
[EventRounds "8"]
[EventCountry "CAN"]
[SourceTitle "EXT 2011"]
[Source "ChessBase"]
[SourceDate "2011.11.26"]
[SourceVersion "1"]
[SourceVersionDate "2011.11.26"]
[SourceQuality "1"]

1. d4 d5 2. c4 e6 3. Nc3 Nf6 4. Bg5 Nbd7 5. Nf3 c6 6. e3 Be7 7. Bd3 O-O 8. O-O dxc4 9. Bxc4 b5 10. Bd3 Bb7 11. Rc1 Rc8 12. Re1 a6 13. Bxf6 Nxf6 14. Ne4 c5 15. Nxf6+ Bxf6 16. Be2 cxd4 17. Rxc8 Qxc8 18. exd4 Rd8 19. Qb1 Bxf3 20. Bxf3 Rxd4 21. Rc1 Rc4 22. Rxc4 Qxc4 23. b3 Qc3 24. h3 Qa1 25. Qxa1 Bxa1 26. b4 Bc3 27. Bb7 Bxb4 28. Bxa6 e5 29. Bxb5 f5 30. Bc6 Kf7 31. f3 g5 32. Kf2 h5 33. Bd7 Kf6 34. Ke3 Bc5+ 35. Kd3 Bd4 36. a4 Bb6 37. Kc4 e4 38. fxe4 fxe4 39. a5 Bxa5 1/2-1/2

[Event "Scarborough CC Fall Swiss U1700"]
[Site "Toronto CAN"]
[Date "2008.12.11"]
[Round "7"]
[White "Woolford, Jesse"]
[Black "Dattani, Dinesh"]
[Result "0-1"]
[WhiteElo "1300"]
[BlackElo "1315"]
[PlyCount "74"]
[GameId "2160767910302823"]
[EventDate "2008.10.30"]
[EventType "swiss"]
[EventRounds "8"]
[EventCountry "CAN"]
[SourceTitle "EXT 2011"]
[Source "ChessBase"]
[SourceDate "2011.11.26"]
[SourceVersion "1"]
[SourceVersionDate "2011.11.26"]
[SourceQuality "1"]

1. e4 e5 2. Nf3 Nf6 3. Nc3 Nc6 4. Bb5 a6 5. Ba4 d6 6. d4 b5 7. Bb3 Na5 8. dxe5 Nxb3 9. axb3 Ng4 10. Nxb5 Bb7 11. Nc3 Nxe5 12. O-O Be7 13. Nd5 O-O 14. Ng5 Bxg5 15. Bxg5 Qxg5 16. f4 Qd8 17. fxe5 dxe5 18. c4 Qd6 19. Ra5 Rfd8 20. c5 Qh6 21. Kh1 c6 22. Re1 cxd5 23. exd5 Bxd5 24. Qe2 Qg6 25. c6 Be4 26. Rxe5 Bxc6 27. Qf2 f6 28. Re6 Bd5 29. R6e3 Rab8 30. Rd1 Bxg2+ 31. Qxg2 Qxg2+ 32. Kxg2 Rxd1 33. Kf2 Rb1 34. Kf3 Rxb2 35. h4 R8xb3 36. Rxb3 Rxb3+ 37. Ke2 a5 0-1

[Event "Scarborough CC Fall Swiss U1700"]
[Site "Toronto CAN"]
[Date "2008.12.11"]
[Round "7"]
[White "Xia, Linda"]
[Black "Azmitia, Gabriel"]
[Result "0-1"]
[WhiteElo "1576"]
[BlackElo "1424"]
[PlyCount "82"]
[GameId "2160767910302824"]
[EventDate "2008.10.30"]
[EventType "swiss"]
[EventRounds "8"]
[EventCountry "CAN"]
[SourceTitle "EXT 2011"]
[Source "ChessBase"]
[SourceDate "2011.11.26"]
[SourceVersion "1"]
[SourceVersionDate "2011.11.26"]
[SourceQuality "1"]

1. d4 Nf6 2. Bg5 Ne4 3. Bf4 g5 4. Be3 h6 5. Nf3 d6 6. Nc3 Bf5 7. Qd3 d5 8. Qb5+ c6 9. Qxb7 Nd7 10. Qxc6 e6 11. Ne5 Nef6 12. Nd3 Rc8 13. Qa4 a5 14. Nc5 Ke7 15. Nb7 Qb6 16. Qb3 Qb4 17. Nc5 Bg7 18. Nxd7 Nxd7 19. Rd1 Rb8 20. Bd2 Qxd4 21. Qa3+ Qc5 22. Qxc5+ Nxc5 23. Be3 Nd7 24. Bd4 Bxd4 25. Rxd4 Rxb2 26. e3 Rxc2 27. Ne2 Rxa2 28. Rd1 Rb8 29. Nd4 Rbb2 30. Be2 Bg6 31. O-O Kf6 32. Bf3 Ne5 33. h3 Nxf3+ 34. Nxf3 a4 35. Ra1 Bd3 36. Rfd1 Be2 37. Rdc1 Bxf3 38. gxf3 Rxf2 39. Rf1 Rg2+ 40. Kh1 Rh2+ 41. Kg1 Rag2# 0-1

[Event "Scarborough CC Fall Swiss U1700"]
[Site "Toronto CAN"]
[Date "2008.12.18"]
[Round "8"]
[White "Azmitia, Gabriel"]
[Black "Philip, Andrew"]
[Result "0-1"]
[WhiteElo "1424"]
[BlackElo "1576"]
[PlyCount "78"]
[GameId "2160767910302825"]
[EventDate "2008.10.30"]
[EventType "swiss"]
[EventRounds "8"]
[EventCountry "CAN"]
[SourceTitle "EXT 2011"]
[Source "ChessBase"]
[SourceDate "2011.11.26"]
[SourceVersion "1"]
[SourceVersionDate "2011.11.26"]
[SourceQuality "1"]

1. d4 Nf6 2. Nf3 e6 3. e3 b6 4. Bd3 Bb7 5. Nbd2 d5 6. O-O c5 7. b3 Bd6 8. Bb2 O-O 9. Ne5 Nc6 10. a3 cxd4 11. exd4 Qe7 12. f4 g6 13. Qe2 Rac8 14. Rf3 Ne8 15. Rg3 f5 16. h4 Qxh4 17. Qf3 Bxe5 18. fxe5 Nxd4 19. Bxd4 Qxd4+ 20. Kh2 Qxa1 21. Qf4 Qxa3 22. Nf3 Qe7 23. Ng5 Ng7 24. Be2 h6 25. Nh3 Kh7 26. Qd2 Rf7 27. Nf4 g5 28. Bh5 Nxh5 29. Nxh5 f4 30. Nf6+ Rxf6 31. exf6 Qxf6 32. Rf3 d4 33. Rf2 Rc3 34. g4 e5 35. Qc1 Qg6 36. Qe1 Rxc2 37. Rxc2 Qxc2+ 38. Qd2 Qxd2+ 39. Kg1 Qg2# 0-1

[Event "Scarborough CC Fall Swiss U1700"]
[Site "Toronto CAN"]
[Date "2008.12.18"]
[Round "8"]
[White "Dattani, Dinesh"]
[Black "Hossain, Samir"]
[Result "1-0"]
[WhiteElo "1315"]
[BlackElo "1315"]
[PlyCount "76"]
[GameId "2160767910302826"]
[EventDate "2008.10.30"]
[EventType "swiss"]
[EventRounds "8"]
[EventCountry "CAN"]
[SourceTitle "EXT 2011"]
[Source "ChessBase"]
[SourceDate "2011.11.26"]
[SourceVersion "1"]
[SourceVersionDate "2011.11.26"]
[SourceQuality "1"]

1. d4 Nf6 2. c4 g6 3. Nc3 Bg7 4. e4 d6 5. Nf3 O-O 6. Be2 Nbd7 7. O-O e5 8. Bg5 h6 9. Bh4 g5 10. Bg3 Nh5 11. dxe5 Nxg3 12. fxg3 Nxe5 13. Qc2 Be6 14. b3 Ng4 15. Qd3 f5 16. Nd4 Bxd4+ 17. Qxd4 Ne5 18. exf5 Bxf5 19. Qd5+ Kh8 20. Qxb7 Qd7 21. Nd5 Rfc8 22. Nf6 Qe6 23. Nd5 Be4 24. Rf6 Qd7 25. Rxh6+ Kg7 26. Rh5 Qd8 27. Rf1 Bd3 28. Bxd3 Nxd3 29. Rf5 Kg6 30. Rhxg5+ Qxg5 31. Rxg5+ Kxg5 32. Nxc7 Rab8 33. Qd5+ Ne5 34. Qxd6 Ng6 35. Ne6+ Kh6 36. Nf4 Rb6 37. Qd7 Rbc6 38. Qh3+ Kg5 1-0

[Event "Scarborough CC Howard Ridout op"]
[Site "Toronto CAN"]
[Date "2008.09.11"]
[Round "1"]
[White "Brammall, Stuart"]
[Black "Yin, Zining"]
[Result "1-0"]
[WhiteElo "1580"]
[BlackElo "1285"]
[PlyCount "50"]
[GameId "2160767910319761"]
[EventDate "2008.09.11"]
[EventType "swiss"]
[EventRounds "7"]
[EventCountry "CAN"]
[SourceTitle "EXT 2011"]
[Source "ChessBase"]
[SourceDate "2011.11.26"]
[SourceVersion "1"]
[SourceVersionDate "2011.11.26"]
[SourceQuality "1"]

1. e4 c5 2. Nf3 d6 3. d4 cxd4 4. Nxd4 Nf6 5. Nc3 g6 6. Be3 Bg7 7. f3 Nc6 8. Qd2 O-O 9. Bc4 Bd7 10. O-O-O Rc8 11. Bb3 Ne5 12. h4 Nc4 13. Bxc4 Rxc4 14. h5 Nxh5 15. g4 Nf6 16. Bh6 Nxe4 17. Qh2 Nxc3 18. Bxg7 Nxa2+ 19. Kb1 Nc3+ 20. bxc3 Kxg7 21. Qxh7+ Kf6 22. g5+ Ke5 23. Rhe1+ Kd5 24. Ne6+ Kc6 25. Nxd8+ Rxd8 1-0

[Event "Scarborough CC Howard Ridout op"]
[Site "Toronto CAN"]
[Date "2008.09.11"]
[Round "1"]
[White "Krupka, David"]
[Black "Bossy, John"]
[Result "1-0"]
[WhiteElo "2262"]
[BlackElo "1863"]
[PlyCount "85"]
[GameId "2160767910319762"]
[EventDate "2008.09.11"]
[EventType "swiss"]
[EventRounds "7"]
[EventCountry "CAN"]
[SourceTitle "EXT 2011"]
[Source "ChessBase"]
[SourceDate "2011.11.26"]
[SourceVersion "1"]
[SourceVersionDate "2011.11.26"]
[SourceQuality "1"]

1. c4 c6 2. d4 d5 3. cxd5 cxd5 4. Nc3 Nc6 5. Nf3 Nf6 6. Bf4 a6 7. e3 Bg4 8. h3 Bxf3 9. Qxf3 e6 10. Bd3 Bd6 11. Bg5 Be7 12. O-O O-O 13. Rac1 Rc8 14. Qe2 Re8 15. Rfd1 Na5 16. Bb1 Nc4 17. b3 Nd6 18. f3 Nd7 19. Bf4 Bf8 20. g4 Rc6 21. Qh2 Qa5 22. Ne2 Rec8 23. h4 Nb5 24. Qf2 Nc3 25. Nxc3 Rxc3 26. Rxc3 Qxc3 27. Qe1 Qxe1+ 28. Rxe1 Ba3 29. Kf1 Rc1 30. Rxc1 Bxc1 31. Ke2 Ba3 32. Kd3 Kf8 33. Kc3 h6 34. e4 Ke7 35. b4 a5 36. bxa5 Bd6 37. Bxd6+ Kxd6 38. Bd3 Nb8 39. Bb5 e5 40. exd5 f6 41. Kc4 Na6 42. Bxa6 bxa6 43. h5 1-0

[Event "Scarborough CC Howard Ridout op"]
[Site "Toronto CAN"]
[Date "2008.09.11"]
[Round "1"]
[White "Kurkowski, Ken"]
[Black "Maister, Martin"]
[Result "1/2-1/2"]
[WhiteElo "1681"]
[BlackElo "1868"]
[PlyCount "74"]
[GameId "2160767910319763"]
[EventDate "2008.09.11"]
[EventType "swiss"]
[EventRounds "7"]
[EventCountry "CAN"]
[SourceTitle "EXT 2011"]
[Source "ChessBase"]
[SourceDate "2011.11.26"]
[SourceVersion "1"]
[SourceVersionDate "2011.11.26"]
[SourceQuality "1"]

1. Nf3 c5 2. c4 Nc6 3. g3 g6 4. Bg2 Bg7 5. Nc3 Nf6 6. O-O O-O 7. d4 cxd4 8. Nxd4 Nxd4 9. Qxd4 d6 10. e4 Nd7 11. Qe3 Nb6 12. b3 Bd7 13. Rb1 Rc8 14. Bb2 Bc6 15. Nd5 Bxb2 16. Rxb2 Bxd5 17. exd5 Qd7 18. Re2 Rfe8 19. Qh6 Qf5 20. Bh3 Qd3 21. Re3 Qc2 22. Bxc8 Nxc8 23. a4 Qb2 24. Rfe1 Rd8 25. Qh4 Rd7 26. Qh3 Rc7 27. Qg4 a6 28. h4 h5 29. Qg5 b5 30. Rxe7 Rxe7 31. Rxe7 Nxe7 32. Qxe7 bxc4 33. bxc4 Qb4 34. Qd7 Qe1+ 35. Kg2 Qe4+ 36. Kg1 Qe1+ 37. Kg2 Qe4+ 1/2-1/2

[Event "Scarborough CC Howard Ridout op"]
[Site "Toronto CAN"]
[Date "2008.09.11"]
[Round "1"]
[White "Moffat, Andrei"]
[Black "Beal, Greg"]
[Result "1-0"]
[WhiteElo "2198"]
[BlackElo "1826"]
[PlyCount "48"]
[GameId "2160767910319764"]
[EventDate "2008.09.11"]
[EventType "swiss"]
[EventRounds "7"]
[EventCountry "CAN"]
[SourceTitle "EXT 2011"]
[Source "ChessBase"]
[SourceDate "2011.11.26"]
[SourceVersion "1"]
[SourceVersionDate "2011.11.26"]
[SourceQuality "1"]

1. e4 e5 2. Nf3 Nc6 3. Bc4 Bc5 4. c3 Nf6 5. d3 d6 6. b4 Bb6 7. a4 a6 8. O-O h6 9. Nbd2 O-O 10. Ba2 Qe7 11. Nc4 Ba7 12. b5 axb5 13. axb5 Nd8 14. b6 Bxb6 15. Nxb6 cxb6 16. Bxf7+ Nxf7 17. Rxa8 Bg4 18. Rxf8+ Qxf8 19. Re1 Nh7 20. h3 Bh5 21. g4 Nfg5 22. Nxg5 Nxg5 23. Bxg5 Bf7 24. Bd2 Be6 1-0

[Event "Scarborough CC Howard Ridout op"]
[Site "Toronto CAN"]
[Date "2008.09.11"]
[Round "1"]
[White "Moran-Venegas, Mario"]
[Black "Garel, Rick"]
[Result "0-1"]
[WhiteElo "1696"]
[BlackElo "1901"]
[PlyCount "96"]
[GameId "2160767910319765"]
[EventDate "2008.09.11"]
[EventType "swiss"]
[EventRounds "7"]
[EventCountry "CAN"]
[SourceTitle "EXT 2011"]
[Source "ChessBase"]
[SourceDate "2011.11.26"]
[SourceVersion "1"]
[SourceVersionDate "2011.11.26"]
[SourceQuality "1"]

1. e4 c5 2. Nc3 Nc6 3. g3 g6 4. Bg2 Bg7 5. Nge2 d6 6. d3 Nf6 7. Nd5 Nxd5 8. exd5 Nd4 9. O-O Qb6 10. c3 Nf5 11. Rb1 Qa6 12. a3 Bd7 13. c4 O-O 14. Bf4 b5 15. Qc2 Rab8 16. Bc1 Rb7 17. b4 bxc4 18. dxc4 Ba4 19. Qa2 cxb4 20. Rxb4 Rfb8 21. Bd2 Bd4 22. g4 Bc5 23. Rxb7 Rxb7 24. gxf5 Bb3 25. Qa1 Bxc4 26. Bh6 f6 27. Rb1 Bxe2 28. Rxb7 Qxb7 29. fxg6 hxg6 30. Be3 Bxe3 31. fxe3 Qb3 32. Qc1 Bc4 33. e4 Qb6+ 34. Kh1 Qd4 35. h3 Kg7 36. Qb1 Bd3 37. Qb4 Qxb4 38. axb4 Kh6 39. Kh2 Kg5 40. Kg3 f5 41. h4+ Kf6 42. Kf4 fxe4 43. Bxe4 Bxe4 44. Kxe4 Kg7 45. Kf4 Kh6 46. Kg4 a6 47. Kf4 Kh5 48. Kg3 g5 0-1

[Event "Scarborough CC Howard Ridout op"]
[Site "Toronto CAN"]
[Date "2008.09.11"]
[Round "1"]
[White "Sherman, Joshua"]
[Black "Rutherdale, William"]
[Result "1-0"]
[WhiteElo "1905"]
[BlackElo "1739"]
[PlyCount "54"]
[GameId "2160767910319766"]
[EventDate "2008.09.11"]
[EventType "swiss"]
[EventRounds "7"]
[EventCountry "CAN"]
[SourceTitle "EXT 2011"]
[Source "ChessBase"]
[SourceDate "2011.11.26"]
[SourceVersion "1"]
[SourceVersionDate "2011.11.26"]
[SourceQuality "1"]

1. e4 c6 2. d4 d5 3. Nc3 dxe4 4. Nxe4 Bf5 5. Ng3 Bg6 6. Nf3 h6 7. Bc4 b5 8. Bd3 Bxd3 9. Qxd3 e6 10. O-O Be7 11. Ne5 Nf6 12. f4 O-O 13. f5 exf5 14. Nxf5 Nd5 15. Nxh6+ gxh6 16. Bxh6 Bf6 17. Bxf8 Kxf8 18. Qh7 Qc7 19. Ng6+ Ke8 20. Rae1+ Kd7 21. Rxf6 Nxf6 22. Qh3+ Ng4 23. Re7+ Kc8 24. Qxg4+ Kb7 25. Rxc7+ Kxc7 26. Qf4+ Kb6 27. Ne7 Kb7 1-0

[Event "Scarborough CC Howard Ridout op"]
[Site "Toronto CAN"]
[Date "2008.09.11"]
[Round "1"]
[White "Wilker, Marcus"]
[Black "Shah, Omar"]
[Result "0-1"]
[WhiteElo "1800"]
[BlackElo "2019"]
[PlyCount "98"]
[GameId "2160767910319767"]
[EventDate "2008.09.11"]
[EventType "swiss"]
[EventRounds "7"]
[EventCountry "CAN"]
[SourceTitle "EXT 2011"]
[Source "ChessBase"]
[SourceDate "2011.11.26"]
[SourceVersion "1"]
[SourceVersionDate "2011.11.26"]
[SourceQuality "1"]

1. e4 c5 2. Nf3 d6 3. c3 Nf6 4. e5 Nd5 5. d4 cxd4 6. Bc4 e6 7. Bxd5 exd5 8. exd6 Bxd6 9. Qxd4 O-O 10. Qxd5 Re8+ 11. Be3 Nc6 12. Qd1 Bg4 13. Nbd2 Bc5 14. Qe2 Bxe3 15. fxe3 Ne5 16. O-O-O Nd3+ 17. Kb1 Nf4 18. Qc4 Bf5+ 19. Ka1 Nxg2 20. Ne5 Rxe5 21. Nf3 Qxd1+ 22. Rxd1 Nxe3 23. Qc7 Ree8 24. Rg1 Nc2+ 25. Kb1 Ne1+ 26. Kc1 Nxf3 27. Rf1 Nd4 28. Qc4 Ne2+ 29. Kd2 Rad8+ 30. Ke1 Ng3+ 31. Kf2 Nxf1 32. Qxf1 Rd2+ 33. Kg3 Bd3 34. Qf4 Rde2 35. Kf3 R8e3+ 36. Qxe3 Rxe3+ 37. Kxe3 Bb1 38. a3 g5 39. c4 f5 40. b4 f4+ 41. Kd4 Ba2 42. c5 Kf7 43. a4 Ke7 44. b5 Kd7 45. a5 Kc7 46. Kd3 h5 47. Kd4 g4 48. b6+ Kb8 49. c6 bxc6 0-1

[Event "Scarborough CC Howard Ridout op"]
[Site "Toronto CAN"]
[Date "2008.09.18"]
[Round "2"]
[White "Beal, Greg"]
[Black "Rapoport, Alexander"]
[Result "1-0"]
[WhiteElo "1826"]
[BlackElo "1946"]
[PlyCount "135"]
[GameId "2160767910319769"]
[EventDate "2008.09.11"]
[EventType "swiss"]
[EventRounds "7"]
[EventCountry "CAN"]

1. e4 c5 2. Nf3 e6 3. d4 cxd4 4. Nxd4 a6 5. Nc3 Qc7 6. Be2 Bb4 7. Qd3 Nf6 8. Bd2 Nc6 9. f4 d6 10. a3 Bc5 11. Nb3 Ba7 12. Bf3 e5 13. Nd5 Nxd5 14. exd5 Nd4 15. Nxd4 Bxd4 16. c3 Bc5 17. b4 Ba7 18. fxe5 O-O 19. O-O-O dxe5 20. g4 Qd6 21. Be3 b5 22. h4 Bb7 23. h5 Bxe3+ 24. Qxe3 Rac8 25. Kb2 Rc7 26. g5 Rc4 27. Be4 a5 28. Bd3 axb4 29. Bxc4 bxa3+ 30. Ka2 bxc4 31. Rhe1 Bxd5 32. Qxe5 Qxe5 33. Rxe5 Be6 34. Ra5 Rb8 35. Rxa3 Kf8 36. Ra7 Ke8 37. Rb1 Rxb1 38. Kxb1 h6 39. gxh6 gxh6 40. Kc1 Kf8 41. Kd2 Kg7 42. Ke3 Kf6 43. Kf4 Kg7 44. Rc7 Kf6 45. Rc5 Ke7 46. Rc7+ Kf6 47. Rc5 Ke7 48. Ke5 f6+ 49. Kf4 Kd6 50. Ra5 f5 51. Ra8 Ke7 52. Rh8 Kf6 53. Rxh6+ Kf7 54. Rxe6 Kxe6 55. h6 Kf6 56. h7 Kg7 57. Kxf5 Kxh7 58. Ke5 Kg8 59. Kd5 Kf8 60. Kxc4 Ke7 61. Kd5 Kd7 62. Kc5 Kc7 63. c4 Kb7 64. Kd6 Kc8 65. c5 Kd8 66. c6 Kc8 67. c7 Kb7 68. Kd7 1-0

[Event "Scarborough CC Howard Ridout op"]
[Site "Toronto CAN"]
[Date "2008.09.18"]
[Round "2"]
[White "Bossy, John"]
[Black "Wilker, Marcus"]
[Result "0-1"]
[WhiteElo "1863"]
[BlackElo "1800"]
[PlyCount "86"]
[GameId "2160767739985439"]
[EventDate "2008.09.11"]
[EventType "swiss"]
[EventRounds "7"]
[EventCountry "CAN"]
[SourceTitle "EXT 2011"]
[Source "ChessBase"]
[SourceDate "2011.11.26"]
[SourceVersion "1"]
[SourceVersionDate "2011.11.26"]
[SourceQuality "1"]

1. e4 c5 2. Nf3 e6 3. d4 d5 4. exd5 exd5 5. Be2 Nc6 6. O-O Nf6 7. Bg5 cxd4 8. Nxd4 Bc5 9. Nb3 Bb6 10. Nc3 Be6 11. Bf3 Ne7 12. Qe2 Qd7 13. Rfd1 O-O-O 14. a4 a6 15. a5 Ba7 16. Bf4 Ng4 17. Nd4 Nc6 18. Ra4 Nxd4 19. Raxd4 Bxd4 20. Rxd4 Nf6 21. Qe5 Qc6 22. Nxd5 Bxd5 23. Rxd5 Rxd5 24. Qb8+ Kd7 25. Qxh8 Qxc2 26. h3 Ne4 27. Bg4+ Ke7 28. Be3 Nf6 29. Qxg7 Nxg4 30. Qxg4 Qd1+ 31. Kh2 Qxg4 32. hxg4 Rxa5 33. f4 Ra4 34. Kg3 Ke6 35. Kf3 Rb4 36. f5+ Kd5 37. g3 Rxb2 38. Kf4 Rc2 39. Kg5 Rc3 40. Bf4 Rc6 41. Kh5 b5 42. g5 b4 43. f6 b3 {- 16.31} 0-1